The last Liberator : (Record no. 350205)

000 -LEADER
fixed length control field 00687cam a2200241 i 4500
001 - CONTROL NUMBER
control field 2281310
003 - CONTROL NUMBER IDENTIFIER
control field OSt
005 - DATE AND TIME OF LATEST TRANSACTION
control field 20180116183009.0
008 - FIXED-LENGTH DATA ELEMENTS--GENERAL INFORMATION
fixed length control field 790730s1980 nyu 000 1 eng
010 ## - LIBRARY OF CONGRESS CONTROL NUMBER
LC control number 79019161
020 ## - INTERNATIONAL STANDARD BOOK NUMBER
International Standard Book Number 0440056500
040 ## - CATALOGING SOURCE
Original cataloging agency DLC
Transcribing agency DLC
Modifying agency DLC
050 00 - LIBRARY OF CONGRESS CALL NUMBER
Classification number PZ4.C6423
Item number Las 1980
Classification number PR6053.L53
082 00 - DEWEY DECIMAL CLASSIFICATION NUMBER
Classification number 823/.9/14 CLI 1980
100 1# - MAIN ENTRY--PERSONAL NAME
Personal name Clive, John.
245 14 - TITLE STATEMENT
Title The last Liberator :
Remainder of title a novel /
Statement of responsibility, etc. by John Clive.
260 ## - PUBLICATION, DISTRIBUTION, ETC.
Place of publication, distribution, etc. New York :
Name of publisher, distributor, etc. Delacorte Press,
Date of publication, distribution, etc. c1980.
300 ## - PHYSICAL DESCRIPTION
Extent 276 p. ;
Dimensions 22 cm.
650 #0 - SUBJECT ADDED ENTRY--TOPICAL TERM
Topical term or geographic name entry element World War, 1939-1945
General subdivision Fiction.
655 #7 - INDEX TERM--GENRE/FORM
Genre/form data or focus term War stories.
Source of term gsafd
906 ## - LOCAL DATA ELEMENT F, LDF (RLIN)
a 7
b cbc
c orignew
d 1
e ocip
f 19
g y-gencatlg
942 ## - ADDED ENTRY ELEMENTS (KOHA)
Source of classification or shelving scheme
Koha item type Book
Holdings
Withdrawn status Lost status Source of classification or shelving scheme Damaged status Not for loan Collection code Permanent Location Current Location Shelving location Date acquired Total Checkouts Total Renewals Full call number Barcode Date last seen Price effective from Koha item type
            Central Library (CL) Central Library (CL) Fiction 08/31/2015   2 823/.9/14 CLI 1980 NBSD-2050 03/25/2025 08/31/2015 Book
© 2023 Central Library, National University of Sciences and Technology. All Rights Reserved.